000 00334nam a2200145Ia 4500
008 230718s9999 xx 000 0 und d
041 _aEng.
082 _a430.4
_bBPP-O
100 _aBpp Learning
245 0 _aorganizational Framework
260 _aPakistan
_bBpp Publisher
_c2002
300 _a659
650 _aLaw
999 _c27305
_d27305